000 00425nam a2200133Ia 4500
008 100328s9999 xx 000 0 und d
082 _b50729
100 _aमहाजन भास्कर
245 _aभंगल्या सुरातुनी.
260 _bफेमस
630 _aभंगल्या सुरातुनी.
730 _aभंगल्या सुरातुनी.
942 _cBOOK
999 _c537811
_d537808